| 000 | 00913cam a2200265 a 4500 | ||
|---|---|---|---|
| 001 | 3016801 | ||
| 003 | OSt | ||
| 005 | 20140310182054.0 | ||
| 008 | 941107s1995 nyua b 000 0 eng | ||
| 010 | _a 94044007 | ||
| 020 |
_a0804111146 _c$20.00 |
||
| 040 |
_aDLC _cDLC _dDLC |
||
| 050 | 0 | 0 |
_aBJ 1595 _b.F85 1996 |
| 082 | 0 | 0 |
_aHS 390 _b.F95 1995 |
| 100 | 1 |
_aFulghum, Robert. _911214 |
|
| 245 | 1 | 0 |
_aFrom beginning to end : _bthe rituals of our lives / _cRobert Fulghum. |
| 260 |
_aNew York : _bIvy Books, _c1995. |
||
| 300 |
_aXiii, 279 p.; _bill. ; _c18 cm. |
||
| 541 | _j1 | ||
| 650 | 0 |
_aRites and ceremonies _910119 |
|
| 856 | 4 | 2 |
_3Publisher description _uhttp://www.loc.gov/catdir/description/random0412/94044007.html |
| 906 |
_a7 _bcbc _corignew _d1 _eocip _f19 _gy-gencatlg |
||
| 942 |
_2lcc _cHS |
||
| 999 |
_c9058 _d9058 |
||